К вопросу о применении южно-русского кокса при плавке медных руд на Урале
| المؤلف الرئيسي: | |
|---|---|
| اللغة: | الروسية |
| منشور في: |
Томск, 1909
|
| الموضوعات: | |
| التنسيق: | كتاب |
| KOHA link: | https://koha.lib.tpu.ru/cgi-bin/koha/opac-detail.pl?biblionumber=593326 |
MARC
| LEADER | 00000nam0a2200000 4500 | ||
|---|---|---|---|
| 001 | 593326 | ||
| 005 | 20231101131743.0 | ||
| 035 | |a (RuTPU)RU\TPU\tpu\6504 | ||
| 090 | |a 593326 | ||
| 100 | |a 20011210d1909 u y0rusy50 ca | ||
| 101 | 0 | |a rus | |
| 102 | |a RU | ||
| 105 | |a 000|y | ||
| 200 | 1 | |a К вопросу о применении южно-русского кокса при плавке медных руд на Урале |f В. А. Ванюков | |
| 210 | |a Томск |d 1909 | ||
| 215 | |a 24 с. | ||
| 610 | 1 | |a металлургия | |
| 610 | 1 | |a труды учёных ТПУ | |
| 700 | 1 | |a Ванюков |b В. А. | |
| 801 | 0 | |a RU |b 63413507 |c 20011210 |g PSBO | |
| 801 | 2 | |a RU |b 63413507 |c 20090114 |g PSBO | |
| 942 | |c BK | ||